النفيس : (رقم التسجيلة. 179923)

تفاصيل مارك
000 -LEADER
fixed length control field 01152namaa2200289 i 4500
003 - CONTROL NUMBER IDENTIFIER
control field EG-GICUC
005 - DATE AND TIME OF LATEST TRANSACTION
control field 20260513101235.0
008 - FIXED-LENGTH DATA ELEMENTS--GENERAL INFORMATION
fixed length control field 260503s2000 ly ao||jr|||| 000 0 ara d
020 ## - INTERNATIONAL STANDARD BOOK NUMBER
International Standard Book Number 9959822001
Qualifying information المكتبة الوطنية (ليبيا)
040 ## - CATALOGING SOURCE
Original cataloging agency EG-GiCUC
Language of cataloging ara
Transcribing agency EG-GiCUC
Modifying agency EG-GiCUC
Description conventions rda
082 04 - DEWEY DECIMAL CLASSIFICATION NUMBER
Edition number 21
Classification number 413
Item number T573
092 04 - LOCALLY ASSIGNED DEWEY CALL NUMBER (OCLC)
Edition number 21
Classification number 413
Item number T573
099 ## - LOCAL FREE-TEXT CALL NUMBER (OCLC)
Classification number 413 T573 2000
100 1# - MAIN ENTRY--PERSONAL NAME
Personal name التليسى، خليفة محمد
Relator term مؤلف.
245 12 - TITLE STATEMENT
Title النفيس :
Remainder of title ‏من كنوز القواميس : صفوة المتن اللغوي من تاج العروس ومراجعة الكبرى/
Statement of responsibility, etc. خليفة محمد التليسى.
264 ## - PRODUCTION, PUBLICATION, DISTRIBUTION, MANUFACTURE, AND COPYRIGHT NOTICE
Place of production, publication, distribution, manufacture طرابلس (ليبيا) :
Name of producer, publisher, distributor, manufacturer الدار العربية للكتاب،
Date of production, publication, distribution, manufacture, or copyright notice [2000].
300 ## - PHYSICAL DESCRIPTION
Extent مجلدات 4 (1-2553) :
Other physical details إيضاحيات، صور ؛
Dimensions 28 سم
336 ## - CONTENT TYPE
Source rdacontent
Content type term text
337 ## - MEDIA TYPE
Source rdamedia
Media type term Unmediated
338 ## - CARRIER TYPE
Source rdacarrier
Carrier type term volume
504 ## - BIBLIOGRAPHY, ETC. NOTE
Bibliography, etc. note .
541 ## - IMMEDIATE SOURCE OF ACQUISITION NOTE
Source of acquisition د. جابر عصفور ؛
Address القاهرة ؛
Method of acquisition إهداء ؛
Date of acquisition 2024.
650 17 - SUBJECT ADDED ENTRY--TOPICAL TERM
Topical term or geographic name entry element اللغة العربية
Form subdivision معاجم
Source of heading or term qrmak
651 1# - SUBJECT ADDED ENTRY--GEOGRAPHIC NAME
Source of heading or term qrmak
905 ## - Cataloger and Reviser Names
Cataloger Name Aya Mohamed
942 ## - ADDED ENTRY ELEMENTS (KOHA)
Source of classification or shelving scheme Dewey Decimal Classification
Koha item type Reference
Edition 21
Suppress in OPAC No
المقتنيات
Withdrawn status Lost status Source of classification or shelving scheme Damaged status Not for loan Home library Current library Date acquired Inventory number Total checkouts Full call number Barcode Date last seen Price effective from Koha item type
    Dewey Decimal Classification   Not for loan المكتبة المركزبة الجديدة - جامعة القاهرة قاعة المكتبات المهداة - الدور الرابع 03.05.2026 175363   413 T573 2000 v.1 Ref. J.U. 01000100175363001 03.05.2026 03.05.2026 Reference
    Dewey Decimal Classification   Not for loan المكتبة المركزبة الجديدة - جامعة القاهرة قاعة المكتبات المهداة - الدور الرابع 03.05.2026 175363   413 T573 2000 v.2 Ref. J.U. 01000100175363002 03.05.2026 03.05.2026 Reference
    Dewey Decimal Classification   Not for loan المكتبة المركزبة الجديدة - جامعة القاهرة قاعة المكتبات المهداة - الدور الرابع 03.05.2026 175363   413 T573 2000 v.3 Ref. J.U. 01000100175363003 03.05.2026 03.05.2026 Reference
    Dewey Decimal Classification   Not for loan المكتبة المركزبة الجديدة - جامعة القاهرة قاعة المكتبات المهداة - الدور الرابع 03.05.2026 175363   413 T573 2000 v.4 Ref. J.U. 01000100175363004 03.05.2026 03.05.2026 Reference
Cairo University Libraries Portal Implemented & Customized by: Eng. M. Mohamady Contacts: new-lib@cl.cu.edu.eg | cnul@cl.cu.edu.eg
CUCL logo CNUL logo
© All rights reserved — Cairo University Libraries
CUCL logo
Implemented & Customized by: Eng. M. Mohamady Contact: new-lib@cl.cu.edu.eg © All rights reserved — New Central Library
CNUL logo
Implemented & Customized by: Eng. M. Mohamady Contact: cnul@cl.cu.edu.eg © All rights reserved — Cairo National University Library